000 00375nam a2200145Ia 4500
008 150201s2006 xx 000 0 und d
082 _a615.321
_bP2006G
100 _aGROVER J.K.
245 _aTEXT BOOK OF PHARMACOLOGY FOR NURSES
250 _a2ND
260 _bC.B.S PUBLISHERS & DISTRIBUTERS
_aDELHI
_c2006
300 _a1-516
650 _aPHARMACOLOGY
942 _2ddc
_cBK
999 _c4065
_d4065